Pays en K - Statistiques

Statistiques générales
  • Ce quiz a été pris 1 640 fois
    819 depuis la dernière actualisation
  • Le résultat moyen est 5 sur 6
Statistiques - réponses
Pays % Correct
Kazakhstan
93%
Kenya
82%
Kirghizistan
80%
Koweït
75%
Kosovo
68%
Kiribati
67%
Aucun quiz correspondant
Distribution des résultats
% des personnes avec chaque résultat
Percentile par nombre de réponses
Votre historique - résultats
Vous n’avez pas pris ce quiz depuis la dernière actualisation